000
00291nam a2200109Ia 4500
008
180205s9999 xx 000 0 und d
020
_a
9710828576
100
_a
Harmon, Renee
245
4
_a
The complete book of success /
260
_a
USA
_b
National book store
_c
1987
300
_a
ix, 139 pages
999
_c
354792
_d
354792